000 01360cam a22003613a 4500
001 8607
003 PGUSA
005 20140828083202.0
008 050801s2005||||xxu|||||s|||||000 1 eng d
040 _aPGUSA
_beng
042 _adc
050 4 _aPZ
100 1 _aTraill, Catharine Parr Strickland,
_d1802-1899
245 1 0 _aIn the Forest; Or, Pictures of Life and Scenery in the Woods of Canada :
_bA Tale
_h[electronic resource] /
_cCatharine Parr Strickland Traill
260 _bProject Gutenberg,
_c2005
500 _aSee also PG#6479, Lady Mary and Her Nurse, which is essentially identical to this text
506 _aPublic domain in the USA.
516 _aElectronic text
653 _aIndian embroidery -- North America -- Juvenile fiction
653 _aNature stories
653 _aCanada -- Juvenile fiction
653 _aFrontier and pioneer life -- Ontario -- Juvenile fiction
653 _aAnimals -- Juvenile fiction
653 _aConduct of life -- Juvenile fiction
653 _aChildren -- Conduct of life -- Juvenile fiction
653 _aOutdoor life -- Juvenile fiction
653 _aRivers -- Juvenile fiction
653 _aIndians of North America -- Juvenile fiction
653 _aBirds -- Juvenile fiction
830 0 _aProject Gutenberg
_v8607
856 4 0 _uhttp://www.gutenberg.org/ebooks/8607
942 _cEB
999 _c237907
_d237907